La huella de los gigantes /

Guardado en:
Autor Principal: Manera, Teresa
Formato: Libro
Publicado: Bahía Blanca : Ediuns, 2013
Materias:
Etiquetas: Agregar Etiqueta
Sin Etiquetas, Sea el primero en etiquetar este registro!
LEADER 00603nam a22002055a 4500
001 CEM.cems014941
005 20180712162457.0
008 130507s2013##################000#0#####d
003 CEMS
020 |a 9789871907502 
082 0 4 |a 560.17 
100 1 |a Manera, Teresa 
245 1 0 |a La huella de los gigantes /  |c Teresa Manera 
260 |a Bahía Blanca :  |b Ediuns,  |c 2013 
300 |a 28 p. 
500 |a Ilustrado por Lucía Blanco, Graciela Britos y Fernando Cárdenas 
653 |a Historia 
653 |a Paleontología 
653 |a Infantil 
859 |a CEMS  |b BIB. CEMS - 11 de abril  |h 560.17  |i M312  |p 27532.18  |t Ej.1